00558nam a2200169Ia 4500008004100000020001800041041000800059082001600067100001800083245007000101250000600171260003000177300001200207650002200219999001900241952012800260210716s2010 xx 000 0 und d a9788184894394 aeng a004.65 COWJ aCowley, John. aCommunications and networking: an introduction.bAn introduction. a1 aNew DelhibSpringerc2010 avii,230 aComputer Networks c190301d190301 001040708MCAaAIMITbAIMITeCurrent Booksg345.00l0o004.65 COWJpMCA09809r2025-07-21 00:00:00v248.40w2021-07-16yBK